Alcohol Quiz 2 - Statistics

General Stats
  • This quiz has been taken 31 times
  • The average score is 5 of 15
Answer Stats
Hint Answer % Correct
What city does the festival "Oktoberfest" originate from? Munich
83%
What is the most consumed alcoholic beverage in the world? Beer
76%
Which brand of rum is named after a 17th Century Welsh pirate? Captain Morgan
69%
What anise flavored spirit originates from Greece? Ouzo
45%
What is Spanish sparkling wine called? Cava
38%
What ingredient is added to Champagne to make a "Black Velvet? Guinness
38%
In what year did prohibition end? 1933
34%
Whose breast was the coupe glass moulded from? Marie Antoinette
28%
What is the national cocktail of Brazil? Caipirinha
24%
What liquere comes in three colours? (Green, Yellow and White) Chartreuse
21%
How many milliliters are in an Imperial pint? (Uk) 568
17%
What town consumes the most "Benedictine"? Burnley
14%
What is the oldest Bourbon distillery? Buffalo Trace
10%
What ingredient is added to red wine to make a "Calimocho"? Cola
10%
What ingredient do you add to Whisky to make a "Rusty Nail"? Drambuie
10%
No matching quizzes found
Score Distribution
Percent of People with Each Score
Percentile by Number Answered
Your Score History
You have not taken this quiz